[Event "2010 Standard Chess Dropout Tournament, Round 5"]
[Site "SchemingMind.com"]
[Date "2011.06.30"]
[Round "5"]
[White "thebirdolux"]
[Black "dmichael"]
[Result "1/2-1/2"]
[WhiteCountry "USA"]
[BlackCountry "USA"]
[WhiteElo "2517"]
[WhiteRD "85"]
[BlackElo "2547"]
[BlackRD "91"]
[GameID "286837"]

1. e4 c5 2. Nf3 d6 3. d4 cxd4 4. Nxd4 Nf6 5. Nc3 a6 6. Be2 e5 7. Nb3 Be7 8. Be3 Be6 9. Nd5 Nxd5 10. exd5 Bf5
11. Qd2 O-O 12. O-O Bg6 13. Na5 Qc7 14. a4 Nd7 15. Nc4 Rac8 16. a5 f5 17. f4 exf4 18. Bxf4 Nf6 19. Nb6 Rce8 20. Qb4 Nh5
21. Bxh5 Bxh5 22. Rae1 g5 23. Bd2 f4 24. Bc3 f3 25. Rf2 Rf4 26. Qb3 fxg2 27. Rxf4 gxf4 28. Qa4 f3 29. Nd7 Bg5 30. Rxe8+ Bxe8
31. Qd4 Be3+ 32. Qxe3 Qxd7 33. Qxf3 Qe7 34. Bb4 Bg6 35. Qf4 Qe4 36. Bxd6 Qxf4 37. Bxf4=
1/2-1/2

[Event "2010 Standard Chess Dropout Tournament, Round 5"]
[Site "SchemingMind.com"]
[Date "2011.06.18"]
[Round "5"]
[White "BigB"]
[Black "saxon"]
[Result "1/2-1/2"]
[WhiteCountry "SVK"]
[BlackCountry "GER"]
[WhiteElo "2314"]
[WhiteRD "90"]
[BlackElo "2465"]
[BlackRD "113"]
[GameID "286838"]

1. c4 c6 2. Nf3 d5 3. e3 Nf6 4. Nc3 e6 5. Qc2 Nbd7 6. b3 b6 7. cxd5 exd5 8. Bb2 Bb7 9. d4 Bd6 10. Bd3 O-O
11. O-O Re8 12. Rfe1 Rc8 13. e4 dxe4 14. Nxe4 Nxe4 15. Bxe4 Nf6 16. Bd3 g6 17. a4 Nd5 18. Bc4 Rc7 19. Rxe8+ Qxe8 20. Bc1 Bc8
21. Bg5 Bf5 22. Qd2 Bb4 23. Qc1 Be6 24. h3 Qf8 25. Ne5 f6 26. Bh6 Qd8 27. Nd3 Bd6 28. h4 Re7 29. Nf4 Bxf4 30. Bxf4 Bf7
31. Bg3 Kg7 32. Qd2 a5 33. Re1 Qe8 34. Rxe7 Qxe7 35. Bxd5 Bxd5 36. Qf4 Qd8=
1/2-1/2

[Event "2010 Standard Chess Dropout Tournament, Round 5"]
[Site "SchemingMind.com"]
[Date "2011.06.20"]
[Round "5"]
[White "montinskij"]
[Black "pattSir"]
[Result "1/2-1/2"]
[WhiteCountry "USA"]
[BlackCountry "GER"]
[WhiteElo "2298"]
[WhiteRD "135"]
[BlackElo "2472"]
[BlackRD "138"]
[GameID "286840"]

1. e4 e5 2. Nf3 Nc6 3. Bb5 a6 4. Ba4 Nf6 5. O-O b5 6. Bb3 Be7 7. Re1 O-O 8. c3 d5 9. exd5 Nxd5 10. Nxe5 Nxe5
11. Rxe5 c6 12. d4 Bd6 13. Re1 Qh4 14. g3 Qh3 15. Be3 Bg4 16. Qd3 Rae8 17. Nd2 Qh5 18. Ne4 Bf5 19. Bd2 Rxe4 20. Rxe4 Nf6
21. f3 Qg6 22. Qf1 Nxe4 23. fxe4 Bxe4 24. Bf4 Bd3 25. Qf2 Bxf4 26. Qxf4 Re8 27. Qf3 Re7 28. Rd1 Bc2 29. Bxc2 Qxc2 30. Rf1 Qg6
31. Qf5=
1/2-1/2

[Event "2010 Standard Chess Dropout Tournament, Round 5"]
[Site "SchemingMind.com"]
[Date "2011.06.20"]
[Round "5"]
[White "pattSir"]
[Black "BigB"]
[Result "1-0"]
[WhiteCountry "GER"]
[BlackCountry "SVK"]
[WhiteElo "2498"]
[WhiteRD "140"]
[BlackElo "2339"]
[BlackRD "90"]
[GameID "286841"]

1. e4 e5 2. Bc4 Nf6 3. d4 exd4 4. Nf3 Nc6 5. O-O d5 6. exd5 Nxd5 7. Ng5 Ne5 8. Re1 Ne3 9. Nxf7 Nxf7 10. fxe3 Be7
11. exd4 O-O 12. Rf1 Bf6 13. c3 Kh8 14. Nd2 Nd6 15. Bb3 a5 16. Nf3 Bg4 17. Bf4 Qd7 18. h3 Bf5 19. Ne5 Qc8 20. a4
1-0

[Event "2010 Standard Chess Dropout Tournament, Round 5"]
[Site "SchemingMind.com"]
[Date "2011.06.19"]
[Round "5"]
[White "Dan Geana"]
[Black "Fiesty 50"]
[Result "1-0"]
[WhiteCountry "ROU"]
[BlackCountry "ENG"]
[WhiteElo "2481"]
[WhiteRD "103"]
[BlackElo "2242"]
[BlackRD "96"]
[GameID "286842"]

1. e4 e6 2. d4 d5 3. Nd2 c5 4. Ngf3 Nc6 5. exd5 exd5 6. Bb5 Bd6 7. dxc5 Qe7+ 8. Qe2 Qxe2+ 9. Kxe2 Bxc5 10. Nb3 Bd6
11. Bg5 f6 12. Bh4 Ne7 13. Bg3 Bxg3 14. hxg3 Kf7 15. Kd2 Ne5 16. Rae1 Nc4+ 17. Kc1 a6 18. Bxc4 dxc4 19. Nbd2 b5 20. Ne4 Rd8
21. Rxh7 Bf5 22. Rh5 Bxe4 23. Rxe4 Rd7 24. Rd4 Rad8 25. Rxd7 Rxd7 26. c3 Rd6 27. Rc5 Rc6 28. Rxc6 Nxc6 29. Kd2 Ke6 30. Ke3 Ne5
31. Nxe5 Kxe5 32. f4+ Kd5 33. f5 a5 34. Kf4 b4 35. g4 b3 36. a4
1-0

[Event "2010 Standard Chess Dropout Tournament, Round 5"]
[Site "SchemingMind.com"]
[Date "2011.06.18"]
[Round "5"]
[White "saxon"]
[Black "Dan Geana"]
[Result "1/2-1/2"]
[WhiteCountry "GER"]
[BlackCountry "ROU"]
[WhiteElo "2479"]
[WhiteRD "104"]
[BlackElo "2441"]
[BlackRD "105"]
[GameID "286843"]

1. d4 d5 2. Nf3 Nf6 3. c4 c6 4. e3 a6 5. Bd3 Bg4 6. Nbd2 e6 7. O-O Nbd7 8. Qc2 dxc4 9. Bxc4 Be7 10. e4 O-O
11. Bd3 h6 12. h3 Bh5 13. b3 Rc8 14. Bb2 b5 15. a4 c5 16. Rfc1 cxd4 17. Qxc8 Qxc8 18. Rxc8 Rxc8 19. Bxd4=
1/2-1/2

[Event "2010 Standard Chess Dropout Tournament, Round 5"]
[Site "SchemingMind.com"]
[Date "2011.06.21"]
[Round "5"]
[White "wilfried"]
[Black "montinskij"]
[Result "1/2-1/2"]
[WhiteCountry "GER"]
[BlackCountry "USA"]
[WhiteElo "2395"]
[WhiteRD "108"]
[BlackElo "2298"]
[BlackRD "135"]
[GameID "286845"]

1. d4 d5 2. c4 e6 3. Nf3 Nf6 4. g3 Be7 5. Bg2 O-O 6. Nc3 dxc4 7. Ne5 Nc6 8. Bxc6 bxc6 9. Nxc6 Qe8 10. Nxe7+ Qxe7
11. Qa4 c5 12. dxc5 Qxc5 13. Be3 Qc7 14. Rd1 Nd5 15. Bd4 Bb7 16. Nxd5 exd5 17. O-O f6 18. b3 Bc6 19. Qa3 Bb5 20. Rd2 Rfe8
21. bxc4 Bxc4 22. Rc1 a6 23. f3 Qc8 24. Qd6 Qf5 25. g4 Qg5 26. e3 Rab8 27. h3 Qg6 28. Rdc2 Qf7 29. h4 Rb7 30. h5 h6
31. Kg2 Kh8=
1/2-1/2

[Event "2010 Standard Chess Dropout Tournament, Round 6"]
[Site "SchemingMind.com"]
[Date "2011.11.21"]
[Round "6"]
[White "dmichael"]
[Black "thebirdolux"]
[Result "1-0"]
[WhiteCountry "USA"]
[BlackCountry "USA"]
[WhiteElo "2562"]
[WhiteRD "106"]
[BlackElo "2293"]
[BlackRD "89"]
[GameID "297085"]

1. d4 Nf6 2. c4 e6 3. Nf3 b6 4. a3 h6 5. Nc3 Bb7 6. Bf4 g5 7. Bg3 Nh5 8. e3 Nxg3 9. hxg3 Bg7 10. Qc2 g4
11. Nh4 Nc6 12. Bd3 Qe7 13. Rc1 Rb8 14. O-O a6 15. b4 O-O 16. Rfd1 Rfd8 17. c5 bxc5 18. bxc5 Bf6 19. Nf5 exf5 20. Nd5 Qe6
21. Nxc7 Qe7 22. Nd5 Qe6 23. Nf4 Qe8 24. Bxf5 Ne7 25. Bxg4 d6 26. Nh5 Bh8 27. cxd6 Rxd6 28. Rb1 Rg6 29. Be2 Rc8 30. Qd3 Qd7
31. Nf4 Rd6 32. Qb3 Be4 33. Nd3 Qe8 34. Rbc1 Rb8 35. Qa2 Rdb6 36. Nc5 Bc6 37. Qd2 Bg7 38. Bxa6 Nd5 39. e4 Nf6 40. e5 Ne4
41. Nxe4 Bxe4 42. Bc4 Qd7 43. Qe1 Ba8 44. d5 Qe7 45. f4 Qxa3 46. Kh2 Rb2 47. Rd3 Qc5 48. Rd2 Qb4 49. Rxb2 Qxb2 50. Qd1 Rc8
51. Ra1 Qc3 52. Ra4 Qb2 53. Ra2 Qb4 54. Qd3 Qxc4 55. Qxc4 Rxc4 56. Rxa8+ Kh7 57. d6 Rd4 58. g4 Rd2 59. Kg3 Bf6 60. Ra7 Rd3+
61. Kf2 Kg6 62. Ke2 Rd5 63. Ke3 Kg7 64. Rd7 Bxe5 65. fxe5 Rxe5+ 66. Kd4
1-0

[Event "2010 Standard Chess Dropout Tournament, Round 6"]
[Site "SchemingMind.com"]
[Date "2011.11.19"]
[Round "6"]
[White "khayman"]
[Black "pjl1015"]
[Result "1/2-1/2"]
[WhiteCountry "ENG"]
[BlackCountry "USA"]
[WhiteElo "2482"]
[WhiteRD "101"]
[BlackElo "2643"]
[BlackRD "95"]
[GameID "297086"]

1. d4 Nf6 2. c4 e6 3. Nf3 Bb4+ 4. Bd2 Qe7 5. g3 Bxd2+ 6. Qxd2 Nc6 7. Bg2 Ne4 8. Qc2 Qb4+ 9. Nc3 Nxc3 10. Qxc3 Qxc3+
11. bxc3 Rb8 12. Rb1 b6 13. Nd2 Bb7 14. f4 f6 15. Kf2 h5 16. h4 Na5 17. Bxb7 Nxb7 18. e4 Ke7 19. Ke3 Nd8 20. a4 Nb7
21. Kd3=
1/2-1/2

[Event "2010 Standard Chess Dropout Tournament, Round 6"]
[Site "SchemingMind.com"]
[Date "2011.11.16"]
[Round "6"]
[White "pattSir"]
[Black "khayman"]
[Result "1-0"]
[WhiteCountry "GER"]
[BlackCountry "ENG"]
[WhiteElo "2500"]
[WhiteRD "138"]
[BlackElo "2456"]
[BlackRD "103"]
[GameID "297087"]

1. e4 c5 2. d4 cxd4 3. c3 dxc3 4. Nxc3 Nc6 5. Nf3 e6 6. Bc4 d6 7. O-O Be7 8. Qe2 Nf6 9. Rd1 e5 10. Be3 O-O
11. b4 Bg4 12. a3 Rc8 13. Rac1 a6 14. Bb3 Qe8 15. Nd5 Nxe4 16. Rc4 Bxf3 17. Qxf3 Nf6 18. Nb6 Rb8 19. Bc2 Qd8 20. g3 Kh8
21. Rh4 g6 22. Ba4 e4 23. Qe2 Re8 24. Rf4 Kg8 25. Qb2 Ne5 26. Kg2 Rf8 27. Qe2 h6 28. Bb3 Kh7 29. h3 Nc6 30. Rh4 h5
31. Rf4 a5 32. Nd5 a4 33. Rxf6 axb3 34. Bg5 Qe8 35. g4 Bd8 36. gxh5 e3 37. Bxe3 Qe4+ 38. f3 Qe5 39. hxg6+
1-0

[Event "2010 Standard Chess Dropout Tournament, Round 6"]
[Site "SchemingMind.com"]
[Date "2011.11.18"]
[Round "6"]
[White "pjl1015"]
[Black "dmichael"]
[Result "1/2-1/2"]
[WhiteCountry "USA"]
[BlackCountry "USA"]
[WhiteElo "2643"]
[WhiteRD "95"]
[BlackElo "2555"]
[BlackRD "98"]
[GameID "297088"]

1. e4 c5 2. Nf3 d6 3. Nc3 Nf6 4. Bb5+ Bd7 5. Bxd7+ Nbxd7 6. a4 a6 7. O-O e6 8. d3 Be7 9. Bf4 b6 10. Qe2 O-O
11. Rfd1 Qc7 12. h3 Qc6 13. d4 cxd4 14. Rxd4 Rfc8 15. e5 Nxe5 16. Nxe5 dxe5 17. Bxe5 Nd7 18. Bg3 Nf8 19. Rad1 Ba3 20. bxa3 Qxc3
21. R1d3 Qxc2 22. Qxc2 Rxc2 23. Rd8 Rcc8 24. Rxc8 Rxc8 25. Rd6=
1/2-1/2

[Event "2010 Standard Chess Dropout Tournament, Round 6"]
[Site "SchemingMind.com"]
[Date "2011.11.21"]
[Round "6"]
[White "thebirdolux"]
[Black "pattSir"]
[Result "1/2-1/2"]
[WhiteCountry "USA"]
[BlackCountry "GER"]
[WhiteElo "2296"]
[WhiteRD "86"]
[BlackElo "2500"]
[BlackRD "138"]
[GameID "297089"]

1. d4 Nf6 2. c4 c5 3. d5 b5 4. Nf3 g6 5. cxb5 a6 6. e3 Bg7 7. a4 O-O 8. Nc3 e6 9. dxe6 dxe6 10. Qxd8 Rxd8
11. Ra3 Nd5 12. Be2 axb5 13. Bxb5 Na6 14. Bd2 Nac7 15. Be2 Rb8 16. Nb5 Ba6 17. Rb3 Ne8 18. O-O Nd6 19. Rc1 Bxb5 20. axb5 Rdc8
21. b6 c4 22. b7 Rc7 23. Ba5 Rcxb7 24. Rxb7 Rxb7 25. Bxc4 Bxb2 26. Bxd5 Rb5 27. Rc2 Rxa5=
1/2-1/2